Türkiye Futbol Şampiyonları - Statistics

General Stats
  • This quiz has been taken 102 times
  • The average score is 6 of 6
Answer Stats
Answer % Correct
Beşiktaş
100%
Fenerbahçe
100%
Galatasaray
99%
Trabzonspor
99%
Bursaspor
97%
Başakşehir
96%
No matching quizzes found
Score Distribution
Percent of People with Each Score
Percentile by Number Answered
Your Score History
You have not taken this quiz